Instrumento para la evaluación ambiental estratégica de la ganadería bovina en Nicaragua
Presenta un instrumento de evaluación ambiental estratégica (EAE) para planes y programas de ganado bovino, este instrumento permite la incorporación de la dimensión ambiental dentro de los procesos de formulación de los planes de programas.
| Main Author: | |
|---|---|
| Other Authors: | |
| Format: | Tesis Section = Libro |
| Language: | Undetermined Spanish |
| Published: |
Managua
UNI
2009
|
| Subjects: |
| LEADER | 01012nam a2200229Ia 4500 | ||
|---|---|---|---|
| 008 | 240830s9999 xx 000 0 und d | ||
| 040 | |a BIBLIOTECA-RUSB/ D.Mon 333.7 G172 | ||
| 041 | |a spa | ||
| 082 | |a D.Mon 333.7 G172 | ||
| 100 | 1 | |a Gallo Guevara, Jorge Ulises | |
| 245 | 1 | 0 | |a Instrumento para la evaluación ambiental estratégica de la ganadería bovina en Nicaragua |
| 260 | |a Managua |b UNI |c 2009 | ||
| 300 | |a 168 p. :il. | ||
| 502 | |a Tesis (Doctor en Ciencias del Ambiente) - UNI, 2009. | ||
| 520 | 3 | |a Presenta un instrumento de evaluación ambiental estratégica (EAE) para planes y programas de ganado bovino, este instrumento permite la incorporación de la dimensión ambiental dentro de los procesos de formulación de los planes de programas. | |
| 650 | 7 | |a IMPACTO AMBIENTAL- ANÁLISIS - GANADERÍA | |
| 650 | 7 | |b PROTECCIÓN DEL MEDIO AMBIENTE | |
| 650 | 7 | |c EVALUACIÓN DE IMPACTOS | |
| 700 | 1 | |a Tutor: |b Milán Pérez, José Antonio | |
| 942 | |c BK |2 ddc | ||
| 991 | |a TESIS | ||
| 999 | |c 19196 | ||